000 00700nam a2200241Ia 4500
003 OSt
005 20220918212921.0
006 a|||||r|||| 00| 0
007 ta
008 220917b |||||||| |||| 00| 0 eng d
024 _a130,727
037 _cTextual
040 _aARTS
_cARTS
_beng
041 _2eng
_aeng
082 _aX::415v161.C, J9;K0
100 _aCasson Lionel
_9115811
245 0 _aAncient Mariners
_b Seafarers and sea fighters of the Mediterranesan in ancient times
260 _aLondon
_bVictor Gollancz UK
_c1969
300 _a286p.
_ccm.
650 _aECONOMICS
942 _hX::415v161.C, J9;K0
_cTEXL
_2CC
999 _c253850
_d253850